| 000 | 00940cab a22002055a 4500 | ||
|---|---|---|---|
| 001 | L137410 | ||
| 008 | 070404s2007 xxk f g 000 0 eng d | ||
| 035 | _a(Sirsi) u137410 | ||
| 041 | 0 | _aeng | |
| 100 | 1 | _aHendry, Sandra | |
| 245 | 0 | 0 | _aPlanning for water services |
| 260 | _c2007 | ||
| 490 | 0 |
_aScottish Planning and Environmental Law _v(119) February 2007, 12-13(2) |
|
| 520 | _aDiscusses the main provisions of Planning Advice Note 79 ?Water and drainage?. Areas covered include: water and drainage requirements; water and drainage infrastructure; the engagement of Scottish Water with planning authority processes; development management; environmental impacts and flooding risks; private sewerage systems; and developments by Scottish Water. | ||
| 590 | _aKA | ||
| 650 | 2 | 4 | _aPLANNING ADVICE NOTE 79 |
| 651 | 4 |
_aScotland _y1999- |
|
| 690 | _aENVIRONMENTAL AND LAND CONSULTANCY-WATER RESOURCE MANAGEMENT-DRAINAGE | ||
| 942 | _n0 | ||
| 999 |
_c78591 _d78591 |
||